Fauna submarina atlântica (Registo nº 200195)
[ vista simples ]
| 000 -Etiqueta do registo | |
|---|---|
| Valores | 00741nam 22002293 4500 |
| 010 ## - Número ISBN | |
| ISBN | 972-1-03875-X |
| 021 ## - Número do Depósito Legal | |
| Código do país | Portugal |
| 100 ## - Dados gerais de processamento | |
| Dados gerais | 20260127d u||y0pory50 ba |
| 200 ## - Titulo e menção de responsabilidade | |
| Título próprio | Fauna submarina atlântica |
| Informação de outro título | Portugal Continental, Açores, Madeira |
| Primeira menção de responsabilidade | Luiz Saldanha |
| Outras menções de responsabilidade | prefácio Germano da Fonseca Sacarrão |
| 210 ## - Publicação | |
| Local de publicação | Mem Martins |
| Nome do editor | Publicações Europa-América |
| Data de publicação | cop.1995 |
| 215 ## - Descrição física | |
| Paginação / Volumes | 364 p., [92] p. il. |
| Outras indicações físicas | il. ; brochado |
| Dimensões | 21 cm |
| 225 ## - Colecção | |
| Título próprio da colecção | Diversos |
| 305 ## - Nota relativa à edição da publicação | |
| Texto da nota | . - Edição revista e aumentada |
| 606 ## - Nome comum usado como assunto | |
| ID Autoridade | 74 |
| Palavra de ordem | Zoologia |
| 610 ## - Termos não controlados | |
| Palavra de ordem | Fauna marinha |
| 675 ## - CDU | |
| Notação | 591.9(26)(469) |
| Edição | PT |
| Língua | por |
| 700 ## - Autor principal (pessoa individual) | |
| ID Autoridade | 16027 |
| Apelido | Saldanha |
| Nome | Luiz |
| Datas | 1937-1997 |
| 801 ## - Fonte de origem | |
| País | PT |
| Agência | BMMN |
| Regras de catalogação | RPC |
| 830 ## - Notas gerais do catalogador | |
| Criado por | Ana |
| Indexado por | Ana |
| 990 ## - Elementos KOHA | |
| Tipo de documento | Livro |
| Situação do levantamento | Biblioteca de origem | Código de barras | Cota | Permissão de empréstimo | Tipo de documento | Forma de aquisição |
|---|---|---|---|---|---|---|
| Biblioteca Municipal de Montemor-o-Novo | 29304 | 59 SAL|DEP | Livro | Compra |